Paroles - Toi plus moi - Grégoire - Statistiques

Statistiques générales
  • Ce quiz a été pris 848 fois
  • Le résultat moyen est 302 sur 359
Statistiques - réponses
Réponse % Correct
moi
100%
plus
100%
Plus
100%
Toi
100%
toi
100%
ce
99%
elle
99%
Elle
99%
qui
99%
A
98%
a
98%
à
98%
ceux
98%
dans
98%
et
98%
Et
98%
la
98%
lui
98%
tous
98%
danse
97%
venez
97%
Allez
96%
le
96%
Le
96%
seuls
96%
sont
96%
veulent
96%
de
94%
entrez
94%
tout
91%
c'est
88%
eux
88%
chance
85%
jour
85%
est
82%
notre
80%
je
77%
Je
77%
deux
73%
sais
73%
peu
72%
que
71%
réalisable
70%
faire
69%
ma
69%
laissez
68%
Laissez
68%
mille
68%
possible
68%
qu'on
68%
capable
67%
ne
67%
vous
67%
bien
66%
entrer
66%
l'insouciance
65%
un
65%
Oh
64%
On
64%
des
63%
pas
62%
mon
60%
si
60%
chanson
59%
ronde
59%
les
58%
même
58%
nous
58%
Avec
57%
avec
57%
mais
57%
peut
57%
naïve
55%
invite
54%
loin
54%
monde
54%
nos
54%
mirages
53%
pour
53%
vrai
53%
change
51%
une
51%
bête
50%
inoffensive
50%
rêves
50%
te
48%
courage
46%
partir
46%
force
45%
fois
44%
grève
43%
peur
43%
froid
42%
haut
40%
veux
38%
l'envie
37%
malheurs
36%
Mes
36%
mes
36%
tomber
36%
reprenez
35%
s'enfuir
35%
voir
35%
yeux
35%
heureux
34%
étoiles
33%
qu'il
33%
coeur
29%
faut
29%
dos
28%
épaules
27%
bras
25%
insoumis
22%
prends
16%
L'espoir
15%
l'ardeur
12%
Aucun quiz correspondant
Distribution des résultats
% des personnes avec chaque résultat
Percentile par nombre de réponses
Votre historique - résultats
Vous n’avez pas pris ce quiz